<?xml version="1.0" encoding="UTF-8"?>
<record
    xmlns:xsi="http://www.w3.org/2001/XMLSchema-instance"
    xsi:schemaLocation="http://www.loc.gov/MARC21/slim http://www.loc.gov/standards/marcxml/schema/MARC21slim.xsd"
    xmlns="http://www.loc.gov/MARC21/slim">

  <leader>00734nam a22001937a 4500</leader>
  <controlfield tag="005">20240402112350.0</controlfield>
  <datafield tag="010" ind1=" " ind2=" ">
    <subfield code="a">HIN-127236</subfield>
  </datafield>
  <datafield tag="020" ind1=" " ind2=" ">
    <subfield code="a">9788195126385</subfield>
    <subfield code="c">600.00</subfield>
  </datafield>
  <datafield tag="035" ind1=" " ind2=" ">
    <subfield code="a">HN-99582</subfield>
  </datafield>
  <datafield tag="037" ind1=" " ind2=" ">
    <subfield code="b">DBAD/PUB.</subfield>
  </datafield>
  <datafield tag="082" ind1=" " ind2=" ">
    <subfield code="a">954</subfield>
  </datafield>
  <datafield tag="100" ind1=" " ind2=" ">
    <subfield code="a">&#x936;&#x930;&#x94D;&#x92E;&#x93E;,&#x938;&#x941;&#x926;&#x947;&#x936;</subfield>
    <subfield code="9">64137</subfield>
  </datafield>
  <datafield tag="245" ind1=" " ind2=" ">
    <subfield code="a">&#x935;&#x93F;&#x936;&#x94D;&#x935; &#x914;&#x930; &#x906;&#x927;&#x941;&#x928;&#x93F;&#x915; &#x92D;&#x93E;&#x930;&#x924;  &#x915;&#x93E; &#x907;&#x924;&#x93F;&#x939;&#x93E;&#x938;/</subfield>
    <subfield code="c">&#x938;&#x941;&#x926;&#x947;&#x936; &#x936;&#x930;&#x94D;&#x92E;&#x93E;</subfield>
  </datafield>
  <datafield tag="250" ind1=" " ind2=" ">
    <subfield code="a">1</subfield>
  </datafield>
  <datafield tag="260" ind1=" " ind2=" ">
    <subfield code="a"> &#x92E;&#x947;&#x930;&#x920;</subfield>
    <subfield code="b">&#x92A;&#x94D;&#x930;&#x917;&#x924;&#x93F; &#x92A;&#x94D;&#x930;&#x915;&#x93E;&#x936;&#x928;</subfield>
    <subfield code="c">2021</subfield>
  </datafield>
  <datafield tag="270" ind1=" " ind2=" ">
    <subfield code="a">240 &#x935;&#x947;&#x938;&#x94D;&#x91F;&#x930;&#x94D;&#x928; &#x915;&#x91A;&#x947;&#x930;&#x940; &#x930;&#x94B;&#x921;</subfield>
    <subfield code="b">&#x92E;&#x947;&#x930;&#x920;</subfield>
  </datafield>
  <datafield tag="300" ind1=" " ind2=" ">
    <subfield code="a">302 &#x92A;&#x943;;</subfield>
    <subfield code="c">25 &#x938;&#x947;&#x92E;&#x940; (&#x938;&#x91C;&#x93F;&#x932;&#x94D;&#x926;)</subfield>
  </datafield>
  <datafield tag="942" ind1=" " ind2=" ">
    <subfield code="a">dpl</subfield>
    <subfield code="c">HN</subfield>
    <subfield code="2">ddc</subfield>
    <subfield code="h">954</subfield>
    <subfield code="m">&#x936;&#x930;&#x94D;&#x92E;&#x93E;&#x938;&#x941;</subfield>
  </datafield>
  <datafield tag="999" ind1=" " ind2=" ">
    <subfield code="c">201855</subfield>
    <subfield code="d">201855</subfield>
  </datafield>
  <datafield tag="952" ind1=" " ind2=" ">
    <subfield code="0">0</subfield>
    <subfield code="1">0</subfield>
    <subfield code="4">0</subfield>
    <subfield code="7">0</subfield>
    <subfield code="8">NFIC</subfield>
    <subfield code="a">BN</subfield>
    <subfield code="b">BN</subfield>
    <subfield code="d">2024-04-01</subfield>
    <subfield code="e">DBAD</subfield>
    <subfield code="g">600.00</subfield>
    <subfield code="l">0</subfield>
    <subfield code="o">954 &#x936;&#x930;&#x94D;&#x92E;&#x93E;&#x938;&#x941;</subfield>
    <subfield code="p">HN-99582</subfield>
    <subfield code="r">2024-04-01 00:00:00</subfield>
    <subfield code="t">1</subfield>
    <subfield code="v">600.00</subfield>
    <subfield code="w">2024-04-01</subfield>
    <subfield code="y">HN</subfield>
  </datafield>
</record>
